000 00476nam a2200157 i 4500
001 65803
003 ES-MaACL
005 20230906165456.0
007 t|
008 040121s1955 sp ||||1| spa d
100 1 _aFuentes Guerra, Rafael.
_952925
245 1 0 _aJuan de Mena, poeta insigne y cordobés modesto /
_cR. Fuentes Guerra.
260 _aCórdoba :
_b[s.n.,
_c1955] (
_fTip. Artística)
300 _a157 p., 4 lám. ;
_c19 cm.
852 _aES-MaACL
_jC-16130
_bR.44003
999 _c65803
_d65803